[Event "Open A Zadar 2016"]
[Site "Zadar"]
[Date "2016.12.17"]
[Round "9.20"]
[White "Samani, Yamac"]
[Black "Skomorokhin, Roman"]
[Result "1/2-1/2"]
[WhiteElo "2265"]
[BlackElo "2414"]
[PlyCount "57"]
[EventDate "2016.12.11"]
[EventCountry "CRO"]

1. e4 c5 2. Nf3 e6 3. d4 cxd4 4. Nxd4 Nf6 5. Nc3 d6 6. g4 e5 7. Bb5+ Bd7 8.
Bxd7+ Qxd7 9. Nf5 h5 10. Bg5 Nh7 11. Bd2 hxg4 12. Qxg4 g6 13. Ne3 Nc6 14. Qxd7+
Kxd7 15. Ned5 Nd4 16. O-O-O Nf3 17. Be3 f5 18. Rd3 Nhg5 19. Nb5 Nxe4 20. Nxa7
f4 21. Bb6 Rh3 22. Rhd1 Nfg5 23. Rxh3 Nxh3 24. f3 Neg5 25. Rd3 Nf7 26. Rc3 Nhg5
27. h4 Ne6 28. Nf6+ Ke7 29. Nd5+ 1/2-1/2

[Event "Open A Zadar 2016"]
[Site "Zadar"]
[Date "2016.12.17"]
[Round "9.21"]
[White "Bubalovic, Davorin"]
[Black "Tica, Sven"]
[Result "0-1"]
[WhiteElo "2229"]
[BlackElo "2359"]
[PlyCount "136"]
[EventDate "2016.12.11"]
[EventCountry "CRO"]

1. e4 c5 2. Nf3 Nc6 3. d4 cxd4 4. Nxd4 g6 5. Nc3 Bg7 6. Be3 Nf6 7. Bc4 Qa5 8.
O-O O-O 9. Bb3 d6 10. h3 Bd7 11. Qd2 Nxd4 12. Qxd4 Bc6 13. Qd3 Nd7 14. Bd2 Qh5
15. Bd5 Nc5 16. Qc4 Rac8 17. Bxc6 Rxc6 18. Rfe1 e6 19. Qe2 Qxe2 20. Rxe2 Nd7
21. Bf4 Bxc3 22. bxc3 e5 23. Bd2 Rfc8 24. Rb1 R8c7 25. Re3 Nb6 26. Be1 Nc4 27.
Rd3 Ra6 28. Ra1 f6 29. Kf1 Kf7 30. Ke2 Ke6 31. Bd2 Rc5 32. Bc1 Rca5 33. a3 Nxa3
34. Bxa3 Rxa3 35. Rb1 Ra2 36. Kd2 b6 37. Rb5 R2a5 38. c4 Rxb5 39. cxb5 Ra4 40.
Rc3 Rxe4 41. Rc7 h5 42. Rxa7 Rb4 43. c4 Rxc4 44. Rb7 Kd5 45. Rxb6 Kc5 46. Rb8
Rb4 47. Rg8 g5 48. Rf8 Rf4 49. Ke3 Kxb5 50. g3 Rf5 51. Rh8 g4 52. hxg4 hxg4 53.
Rc8 d5 54. Ke2 Rf3 55. Rg8 f5 56. Rc8 d4 57. Rc7 e4 58. Rb7+ Kc6 59. Re7 Kd6
60. Re8 e3 61. fxe3 Rxe3+ 62. Rxe3 dxe3 63. Kxe3 Ke5 64. Kf2 Kd4 65. Ke2 Ke4
66. Kf2 Kd3 67. Kf1 Ke3 68. Kg2 Ke2 0-1

[Event "Open A Zadar 2016"]
[Site "Zadar"]
[Date "2016.12.17"]
[Round "9.22"]
[White "Blohberger, Felix"]
[Black "Zelic, Mladen"]
[Result "1/2-1/2"]
[WhiteElo "2272"]
[BlackElo "2305"]
[PlyCount "23"]
[EventDate "2016.12.11"]
[EventCountry "CRO"]

1. Nf3 f5 2. g3 Nf6 3. Bg2 d6 4. d4 g6 5. O-O Bg7 6. c4 O-O 7. Nc3 Nc6 8. d5
Na5 9. b3 c5 10. Bb2 a6 11. Qc2 Rb8 12. Nd2 1/2-1/2

[Event "Open A Zadar 2016"]
[Site "Zadar"]
[Date "2016.12.17"]
[Round "9.25"]
[White "Piskur, Mitja"]
[Black "Zovko, Mario"]
[Result "1-0"]
[WhiteElo "2285"]
[BlackElo "2342"]
[PlyCount "79"]
[EventDate "2016.12.11"]
[EventCountry "CRO"]

1. e4 c6 2. d4 d5 3. exd5 cxd5 4. c3 Qc7 5. Qb3 Nf6 6. Nf3 Bf5 7. Na3 a6 8. Bf4
Qc8 9. c4 e6 10. Rc1 Nc6 11. Nc2 Be4 12. Be2 dxc4 13. Bxc4 Nd5 14. Bd2 Bd6 15.
Ng5 Bxc2 16. Qxc2 Nf6 17. Ne4 Qd8 18. Bc3 Be7 19. O-O O-O 20. Rfd1 Nd5 21. Qe2
b5 22. Bb3 Rc8 23. Qd3 Bf6 24. a3 Nce7 25. Bd2 Rxc1 26. Rxc1 Nf5 27. Be3 Nb6
28. Rc6 Ne7 29. Bc2 Ng6 30. Nxf6+ gxf6 31. h4 h5 32. Rxe6 Nd5 33. Rxa6 Re8 34.
Ra7 Qd6 35. Qxb5 Rc8 36. Bxg6 Nxe3 37. fxe3 Qg3 38. Bxf7+ Kf8 39. Qb4+ Kg7 40.
Be6+ 1-0

[Event "Open A Zadar 2016"]
[Site "Zadar"]
[Date "2016.12.17"]
[Round "9.29"]
[White "Horvath, Dominik"]
[Black "Matko, Ognjen"]
[Result "0-1"]
[WhiteElo "2269"]
[BlackElo "2311"]
[PlyCount "82"]
[EventDate "2016.12.11"]
[EventCountry "CRO"]

1. Nf3 Nc6 2. d4 d5 3. Bf4 Bg4 4. e3 e6 5. c4 Bd6 6. Bg3 Nf6 7. Nc3 O-O 8. Be2
Re8 9. Ne5 Bxe2 10. Qxe2 Ne7 11. Nf3 Ng6 12. O-O Bxg3 13. hxg3 c6 14. Rad1 Qe7
15. e4 dxc4 16. Qxc4 e5 17. d5 Rac8 18. Qb3 c5 19. Qa4 a6 20. Qa5 Qd6 21. Nd2
c4 22. Rc1 h5 23. b3 cxb3 24. axb3 b5 25. Na2 h4 26. Nb4 hxg3 27. fxg3 Ng4 28.
Qxa6 Qxb4 29. Rxc8 Qd4+ 30. Kh1 Qxd2 31. Rxe8+ Kh7 32. Ra1 Qh6+ 33. Kg1 Qe3+
34. Kh1 Qxg3 35. Kg1 Qf2+ 36. Kh1 Qh4+ 37. Kg1 Nf4 38. Rh8+ Kxh8 39. Qc8+ Kh7
40. Qf5+ Kh6 41. Ra6+ f6 0-1

[Event "Open A Zadar 2016"]
[Site "Zadar"]
[Date "2016.12.17"]
[Round "9.30"]
[White "Muha, Miljenko"]
[Black "Zufic, Miroslav"]
[Result "0-1"]
[WhiteElo "2258"]
[BlackElo "2411"]
[PlyCount "52"]
[EventDate "2016.12.11"]
[EventCountry "CRO"]

1. d4 d5 2. c4 e6 3. Nf3 Nf6 4. g3 Be7 5. Bg2 O-O 6. O-O dxc4 7. Ne5 c5 8. dxc5
Qc7 9. Nxc4 Qxc5 10. Qb3 Nc6 11. Be3 Qh5 12. Nc3 e5 13. Rfe1 Ng4 14. h3 Nxe3
15. Nxe3 Nd4 16. Qd5 Bxh3 17. Qxb7 Bg5 18. Bf3 Qh6 19. Ncd5 f5 20. Nc7 Rad8 21.
Nc2 Nxc2 22. Qb3+ Kh8 23. Qxc2 e4 24. Bg2 f4 25. gxf4 Bxf4 26. Qxe4 Bxc7 0-1